| 000 | 00463cam a2200181ua 4500 | ||
|---|---|---|---|
| 020 | _c80.00 | ||
| 041 |
_aeng _h |
||
| 082 |
_a690 _bGUR/BU |
||
| 100 | _aGurcharan, Singh . | ||
| 245 |
_aBuilding construction engineering / _cGurcharan Singh. _hTextual Documents |
||
| 250 |
_a5 / _b. |
||
| 260 |
_aThrissur : _bStandard Book House , _c1994. |
||
| 300 |
_a860 : _b506 ; . |
||
| 365 | _a80.00 | ||
| 504 | _a | ||
| 942 | _cBK | ||
| 999 |
_c10575 _d10575 |
||